Cainnt na caileige caillte / (Record no. 215)

MARC details
000 -LEADER
fixed length control field 00753cam a22002294a 4500
001 - CONTROL NUMBER
control field 16084555
005 - DATE AND TIME OF LATEST TRANSACTION
control field 20200421093822.0
008 - FIXED-LENGTH DATA ELEMENTS--GENERAL INFORMATION
fixed length control field 100204s2009 stk 000 1 gla
010 ## - LIBRARY OF CONGRESS CONTROL NUMBER
LC control number 2009370766
020 ## - INTERNATIONAL STANDARD BOOK NUMBER
International Standard Book Number 9781900901512 (pbk.)
040 ## - CATALOGING SOURCE
Original cataloging agency DLC
Transcribing agency DLC
050 00 - LIBRARY OF CONGRESS CALL NUMBER
Classification number PB1648.L36
Item number C35 2009
100 1# - MAIN ENTRY--PERSONAL NAME
Personal name Lang, Alison.
9 (RLIN) 455
245 10 - TITLE STATEMENT
Title Cainnt na caileige caillte /
Statement of responsibility, etc. Alison Lang.
260 ## - PUBLICATION, DISTRIBUTION, ETC.
Place of publication, distribution, etc. Inbhir Nis [Scotland] :
Name of publisher, distributor, etc. Clá́r,
Date of publication, distribution, etc. c2009.
300 ## - PHYSICAL DESCRIPTION
Extent 203 p. ;
Dimensions 20 cm.
490 0# - SERIES STATEMENT
Series statement Ùr-sgeul
650 #0 - SUBJECT ADDED ENTRY--TOPICAL TERM
Topical term or geographic name entry element Short stories, Scottish Gaelic.
9 (RLIN) 1000
906 ## - LOCAL DATA ELEMENT F, LDF (RLIN)
a 7
b cbc
c orignew
d 2
e ncip
f 20
g y-gencatlg
942 ## - ADDED ENTRY ELEMENTS (KOHA)
Source of classification or shelving scheme Dewey Decimal Classification
Koha item type
Holdings
Withdrawn status Lost status Damaged status Not for loan Collection Home library Current library Shelving location Date acquired Barcode Date last seen Price effective from Koha item type
        Reference Midway Midway General stacks 09/04/2014 39999000009293 09/04/2014 09/04/2014 Books